00844nam a2200193 a 450000100100000000500170001000800410002702000150006804000250008310000460010824500730015426000820022730000320030949000530034150400730039483000600046795201060052799900170063300004219620201002040011.0131119s1984 sp 000 0 spa d a8460033171 aDO-SdBNPbspacBNPHU1 aMaluquer de Motes, Juand1915-198896920513aLa Necrópolis de la Loma de Peinado Casillas de Martos (Jaén) /. aBarcelona :bUniversidad, Departamento de Prehistoria y Arqueología,c1984. a191, VI p. :bil. ;c30 cm.1 aPrograma de investigaciones protohistóricasv6 aIncluye referencias bibliográficas y notas al pie de las páginas 0aPrograma de investigaciones protohistóricasv6969206 0010507-18MOaGRbGRcOId2013-11-19iLF1l0o p42196-10r2020-06-25w2020-06-25y1ZNo se presta c41685d41685